<?xml version="1.0" encoding="UTF-8"?>
<collection xmlns="http://www.loc.gov/MARC21/slim">
<record>
  <controlfield tag="001">162996</controlfield>
  <controlfield tag="005">20251009133841.0</controlfield>
  <datafield tag="024" ind1="7" ind2=" ">
    <subfield code="2">doi</subfield>
    <subfield code="a">10.15366/secuencias2024.59-60.002</subfield>
  </datafield>
  <datafield tag="024" ind1="8" ind2=" ">
    <subfield code="2">sideral</subfield>
    <subfield code="a">145502</subfield>
  </datafield>
  <datafield tag="037" ind1=" " ind2=" ">
    <subfield code="a">ART-2025-145502</subfield>
  </datafield>
  <datafield tag="041" ind1=" " ind2=" ">
    <subfield code="a">spa</subfield>
  </datafield>
  <datafield tag="100" ind1=" " ind2=" ">
    <subfield code="a">Pérez Royo, Victoria</subfield>
    <subfield code="u">Universidad de Zaragoza</subfield>
    <subfield code="0">(orcid)0000-0002-0518-975X</subfield>
  </datafield>
  <datafield tag="245" ind1=" " ind2=" ">
    <subfield code="a">La Ensoñación de la materia. Fuerzas que mueven las películas  The Boogie Woogie Ghost y Puebla de María Jerez y Silvia Zayas</subfield>
  </datafield>
  <datafield tag="260" ind1=" " ind2=" ">
    <subfield code="c">2025</subfield>
  </datafield>
  <datafield tag="506" ind1="0" ind2=" ">
    <subfield code="a">Access copy available to the general public</subfield>
    <subfield code="f">Unrestricted</subfield>
  </datafield>
  <datafield tag="520" ind1="3" ind2=" ">
    <subfield code="a">En este texto estudio las películas The Boogie Woogie Ghost y Puebla de María Jerez y Silvia Zayas desde algunas tensiones y fuerzas que las atraviesan y que las vinculan con otras piezas escénicas, fílmicas, exposiciones, conferencias, y tesis doctorales de ellas y de artistas afines. Algunas de estas fuerzas son seducción y encantamiento de la mirada, atención a las dimensiones de lo invisible; deseo de incertidumbre, visión compleja de la fábrica imaginativa del mundo, curiosidad por los lugares y cosas de lo cotidiano y lo íntimo, o la ensoñación de la materia, entre otras.</subfield>
  </datafield>
  <datafield tag="540" ind1=" " ind2=" ">
    <subfield code="9">info:eu-repo/semantics/openAccess</subfield>
    <subfield code="a">by</subfield>
    <subfield code="u">https://creativecommons.org/licenses/by/4.0/deed.es</subfield>
  </datafield>
  <datafield tag="655" ind1=" " ind2="4">
    <subfield code="a">info:eu-repo/semantics/article</subfield>
    <subfield code="v">info:eu-repo/semantics/publishedVersion</subfield>
  </datafield>
  <datafield tag="710" ind1="2" ind2=" ">
    <subfield code="1">5012</subfield>
    <subfield code="2">270</subfield>
    <subfield code="a">Universidad de Zaragoza</subfield>
    <subfield code="b">Unidad Predepartam. Filosofía</subfield>
    <subfield code="c">Área Estética y Teoría Artes</subfield>
  </datafield>
  <datafield tag="773" ind1=" " ind2=" ">
    <subfield code="g">59-60 (2025), 37-58</subfield>
    <subfield code="p">Secuencias</subfield>
    <subfield code="t">Secuencias</subfield>
    <subfield code="x">1134-6795</subfield>
  </datafield>
  <datafield tag="856" ind1="4" ind2=" ">
    <subfield code="s">3604146</subfield>
    <subfield code="u">http://zaguan.unizar.es/record/162996/files/texto_completo.pdf</subfield>
    <subfield code="y">Versión publicada</subfield>
  </datafield>
  <datafield tag="856" ind1="4" ind2=" ">
    <subfield code="s">1616728</subfield>
    <subfield code="u">http://zaguan.unizar.es/record/162996/files/texto_completo.jpg?subformat=icon</subfield>
    <subfield code="x">icon</subfield>
    <subfield code="y">Versión publicada</subfield>
  </datafield>
  <datafield tag="909" ind1="C" ind2="O">
    <subfield code="o">oai:zaguan.unizar.es:162996</subfield>
    <subfield code="p">articulos</subfield>
    <subfield code="p">driver</subfield>
  </datafield>
  <datafield tag="951" ind1=" " ind2=" ">
    <subfield code="a">2025-10-09-13:25:53</subfield>
  </datafield>
  <datafield tag="980" ind1=" " ind2=" ">
    <subfield code="a">ARTICLE</subfield>
  </datafield>
</record>
</collection>